Statistics for Grease Trivia

Click here to take the quiz!

General Stats

  • This quiz has been taken 2,108 times
  • The average score is 11 of 23

Answer Stats

HintAnswer% Correct
Group of ladies including Rizzo, Frenchy, etc.Pink Ladies
97%
Color of Sandy's shoes in final scenesRed
87%
This female character has a guardian angelFrenchy
81%
Sandy is from this countryAustralia
80%
Group of guys including Kenickie, Danny, Doody, etc.T-Birds
76%
Name of high school attendedRydell High School
66%
Frenchy's mother will kill her if this is on the carpetBlood
62%
Name of racing carGreased Lightning
59%
High school colorsRed and White
56%
Year of release1978
55%
This instrument is played during the school announcementsXylophone
50%
Sandy has had champagne hereCousin's wedding
42%
Jan eats this with the dessert wineTwinkie
42%
The first song sang by the actors in GreaseSummer Nights
41%
Origin of Frenchy's nicknameStyle of smoking
37%
Name of rival boys groupScorpions
25%
Coach Calhoun wants him as his pitcherEugene Felsnic
24%
Sang "Beauty School Dropout" on the Grease soundtrackFrankie Avalon
22%
Sang opening theme title songFrankie Valli
21%
Days left from registration until Christmas vacation86
20%
First movie seen in the Drive-In sceneThe Blob
19%
According to rival gang member, the worth of Kenickie's car, including Rizzo75 cents
11%
Name of school dance bandJohnny & The Gamblers
5%

Score Distribution

Percentile by Number Answered

Percent of People with Each Score

Your Score History

You have not taken this quiz